| 000 | 00445 a2200145 4500 | ||
|---|---|---|---|
| 999 |
_c6798 _d6798 |
||
| 020 | _a0824786904 | ||
| 050 | _aHD 69.C6 HAN 1993 | ||
| 100 |
_aGolembiewski, Robert T. _eauthor |
||
| 245 |
_aHandbook of organizational consultation / _cRobert T. Golembiewski |
||
| 264 |
_aNew York: _bMarcel Dekker Inc, _c1993 |
||
| 300 |
_a801p.: _bill. |
||
| 500 | _aIncludes index | ||
| 650 |
_aConsultants _xhandbooks, manuals |
||
| 942 |
_2lcc _cBK _h69.C6 _iHAN _kHD |
||